Apuntes para la historia de la legislación laboral costarricense

محفوظ في:
التفاصيل البيبلوغرافية
المؤلف الرئيسي: Ulloa Royo, Frank
التنسيق: نص
منشور في: Heredia: IESTRA. UNA
الموضوعات:
الوسوم: إضافة وسم
لا توجد وسوم, كن أول من يضع وسما على هذه التسجيلة!

MARC

LEADER 00000 a a2200000 04500
001 15288
003
040
090 |a 021100  
100 |a Ulloa Royo, Frank  
245 |a Apuntes para la historia de la legislación laboral costarricense  
260 |a Heredia:   |b IESTRA. UNA  
300 |a 41 p.  
650 |a LEGISLACION DEL TRABAJO  
999 |c 9626  |d 9626